[Event "Tbilisi Champions Cup"]
[Site "Tbilisi"]
[Date "2023.10.21"]
[Round "9"]
[White "Tsanatsqenishvili, Alexandre"]
[Black "Sichinava, Mariam"]
[Result "0-1"]
[WhiteElo "2015"]
[BlackElo "1679"]
[PlyCount "76"]
[EventDate "2023.10.13"]
[EventType "swiss"]
[EventRounds "9"]
[EventCountry "GEO"]
[SourceTitle "Mega2024 Update 01"]
[Source "Chessbase"]
[SourceDate "2023.11.12"]
[SourceVersion "1"]
[SourceVersionDate "2023.11.12"]
[SourceQuality "1"]

1. e4 e6 2. d4 d5 3. Nd2 c5 4. c3 cxd4 5. cxd4 dxe4 6. Nxe4 Bb4+ 7. Nc3 Nf6 8. Nf3 0-0 9. Bd3 b6 10. 0-0 Bb7 11. Qe2 Nbd7 12. Bg5 h6 13. Bh4 Be7 14. Rfe1 Re8 15. Rad1 Nd5 16. Qe4 g6 17. Qg4 Bxh4 18. Nxh4 N7f6 19. Qh3 Nf4 20. Qe3 Nxd3 21. Rxd3 Kg7 22. Qe5 a6 23. f4 Qb8 24. Qe3 Qd6 25. Nf3 Bxf3 26. Qxf3 Rad8 27. Re5 Qb4 28. Ne2 Qxb2 29. Rb3 Qxa2 30. Rxb6 Rb8 31. Rxb8 Rxb8 32. h3 a5 33. Qc3 Rb2 34. Qf3 a4 35. f5 exf5 36. Nf4 Rb1+ 37. Kh2 Qa1 38. Qc6 Qxd4 0-1

[Event "Tbilisi Champions Cup"]
[Site "Tbilisi"]
[Date "2023.10.20"]
[Round "8"]
[White "Sichinava, Mariam"]
[Black "Tqeshelashvili, Sopio"]
[Result "0-1"]
[WhiteElo "1679"]
[BlackElo "2269"]
[PlyCount "98"]
[EventDate "2023.10.13"]
[EventType "swiss"]
[EventRounds "9"]
[EventCountry "GEO"]
[SourceTitle "Mega2024 Update 01"]
[Source "Chessbase"]
[SourceDate "2023.11.12"]
[SourceVersion "1"]
[SourceVersionDate "2023.11.12"]
[SourceQuality "1"]

1. d4 d5 2. c4 c6 3. Nf3 Nf6 4. Nc3 e6 5. e3 Nbd7 6. Bd3 dxc4 7. Bxc4 b5 8. Bd3 Bb7 9. 0-0 a6 10. e4 b4 11. Na4 c5 12. dxc5 Nxc5 13. Nxc5 Bxc5 14. Qe2 h6 15. Be3 Bxe3 16. Qxe3 0-0 17. Rfd1 Qa5 18. Nd2 Qh5 19. f3 Rfd8 20. Nc4 Rac8 21. Rac1 Qc5 22. Qxc5 Rxc5 23. Be2 Rdc8 24. b3 a5 25. Rc2 Kf8 26. Rcd2 R8c7 27. Rd6 Ke7 28. R6d2 Ba6 29. Kf2 Bb5 30. Ke3 a4 31. Kf2 Nd7 32. Rb2 Nb8 33. Rbd2 Nc6 34. Nb6 axb3 35. axb3 Na5 36. Bxb5 Rxb5 37. Na4 Nxb3 38. Rb2 Na5 39. Rdb1 b3 40. Ke1 Rb4 41. Ra1 Rcc4 42. Nc3 Nb7 43. Kd2 Nc5 44. Rc1 Rd4+ 45. Ke3 Rd3+ 46. Kf2 Rc4 47. Ne2 Rxc1 48. Nxc1 Rd1 49. Rxb3 Rxc1 0-1

[Event "Tbilisi Champions Cup"]
[Site "Tbilisi"]
[Date "2023.10.16"]
[Round "4"]
[White "Sichinava, Mariam"]
[Black "Gvatua, Mariam"]
[Result "1/2-1/2"]
[WhiteElo "1679"]
[BlackElo "1607"]
[PlyCount "45"]
[EventDate "2023.10.13"]
[EventType "swiss"]
[EventRounds "9"]
[EventCountry "GEO"]
[SourceTitle "Mega2024 Update 01"]
[Source "Chessbase"]
[SourceDate "2023.11.12"]
[SourceVersion "1"]
[SourceVersionDate "2023.11.12"]
[SourceQuality "1"]

1. d4 d5 2. c4 e6 3. Nf3 Nf6 4. Nc3 Bb4 5. Qa4+ Nc6 6. e3 Ne4 7. Qc2 0-0 8. Bd3 f5 9. a3 Be7 10. cxd5 Nxc3 11. dxc6 Nd5 12. 0-0 Rf6 13. e4 Nb6 14. Re1 h6 15. Bd2 bxc6 16. Ne5 Bd7 17. Rac1 Bf8 18. Nxd7 Qxd7 19. Qxc6 Rd8 20. Be3 f4 21. Bd2 Qxc6 22. Rxc6 Rxd4 23. Bc3 1/2-1/2

[Event "Wch U16 Girls rapid"]
[Site "Batumi"]
[Date "2023.06.07"]
[Round "7"]
[White "Aslibekyan, Narine"]
[Black "Sichinava, Mariam"]
[Result "1-0"]
[WhiteElo "1313"]
[BlackElo "1392"]
[PlyCount "129"]
[EventDate "2023.06.06"]
[EventType "swiss (rapid)"]
[EventRounds "11"]
[EventCountry "GEO"]
[SourceTitle "EXT 2024"]
[Source "ChessBase"]
[SourceDate "2023.10.10"]
[SourceVersion "1"]
[SourceVersionDate "2023.10.10"]
[SourceQuality "1"]
[WhiteTeam "Armenia"]
[BlackTeam "Georgia"]
[WhiteTeamCountry "ARM"]
[BlackTeamCountry "GEO"]

1. d4 Nf6 2. c4 e6 3. Nc3 c5 4. d5 exd5 5. cxd5 d6 6. g3 g6 7. Bg2 Bg7 8. Nf3 0-0 9. 0-0 Re8 10. Nd2 Nfd7 11. Nc4 Ne5 12. Na3 a6 13. f4 Ng4 14. e4 Bd4+ 15. Kh1 Nf2+ 16. Rxf2 Bxf2 17. Ne2 Bg4 18. Nc2 c4 19. Be3 Bxe3 20. Nxe3 Bxe2 21. Qxe2 b5 22. a4 Nd7 23. Rf1 Nc5 24. e5 dxe5 25. fxe5 Rxe5 26. Qf3 Ra7 27. Ng4 Nd3 28. Nh6+ Kg7 29. Nxf7 Qe7 30. Nxe5 Nxe5 31. Qe3 Rd7 32. Re1 Nc6 33. Qc3+ Qf6 34. Qxf6+ Kxf6 35. dxc6 Rc7 36. axb5 axb5 37. Rd1 Ke7 38. Kg1 Ke6 39. Bh3+ Ke5 40. Bd7 b4 41. Rc1 Kd4 42. Kf2 c3 43. bxc3+ bxc3 44. Ke2 Ra7 45. Rc2 Kc4 46. Be6+ Kd4 47. Bd7 Kc4 48. Ke3 Rc7 49. Rc1 Ra7 50. Be6+ Kb4 51. Rb1+ Kc5 52. Rb7 c2 53. Kd2 Ra8 54. Kxc2 Kxc6 55. Rxh7 Kd6 56. Bb3 Ke5 57. Re7+ Kf6 58. Re6+ Kg5 59. Kd2 Kf5 60. Rd6 Rh8 61. h4 Rb8 62. Bc2+ Kg4 63. Rxg6+ Kh5 64. Rd6 Rg8 65. Bd1+ 1-0

[Event "EU-ch Schools U15 Girls"]
[Site "Tornelo INT"]
[Date "2021.12.03"]
[Round "2"]
[White "Mihelic, Vesna"]
[Black "Sichinava, Mariam"]
[Result "1-0"]
[WhiteElo "1875"]
[BlackElo "1707"]
[PlyCount "115"]
[EventDate "2021.12.03"]
[EventType "swiss (rapid)"]
[EventRounds "7"]
[EventCountry "NET"]
[SourceTitle "EXT 2023"]
[Source "ChessBase"]
[SourceDate "2022.10.05"]
[SourceVersion "1"]
[SourceVersionDate "2022.10.05"]
[SourceQuality "1"]

1. e4 c5 2. Nf3 e6 3. c4 Nc6 4. Nc3 Nd4 5. Bd3 Ne7 6. Nxd4 cxd4 7. Ne2 Nc6 8. Bc2 g6 9. d3 Bg7 10. 0-0 0-0 11. a3 d5 12. exd5 exd5 13. c5 a5 14. Bd2 Qe7 15. Rc1 Qxc5 16. Ba4 Qd6 17. Bf4 Qf6 18. Rc5 Bg4 19. f3 Bf5 20. Rxd5 Rfd8 21. Rxd8+ Rxd8 22. Qd2 Rd5 23. Bb3 Rd7 24. Bg5 Qe5 25. Bf4 Qe8 26. Ng3 Ne7 27. Ne4 Bxe4 28. fxe4 Nc6 29. Qf2 Ne5 30. Bxe5 Bxe5 31. Bd5 Bg7 32. h4 Qe7 33. Qg3 Bf6 34. h5 Kg7 35. Qf3 Bg5 36. Qg4 Be3+ 37. Kh1 f6 38. Rf3 Rc7 39. Rf1 Qe5 40. Bc4 Qxh5+ 41. Qxh5 gxh5 42. Rf5 Bc1 43. Rxh5 Bxb2 44. Rxa5 Bc1 45. Kh2 Bf4+ 46. Kh3 Kg6 47. Kg4 h5+ 48. Kf3 Rh7 49. Kxf4 h4 50. Kg4 Kg7 51. Rb5 Kg6 52. Be6 Re7 53. Bf5+ Kh6 54. Kxh4 Rg7 55. g4 Rc7 56. Rb6 Kg7 57. Be6 Rc3 58. Rb3 1-0

[Event "Tbilisi Gaprindashvili Cup (Women)"]
[Site "Tbilisi"]
[Date "2021.09.16"]
[Round "7"]
[White "Gvetadze, Sofio"]
[Black "Sichinava, Mariam"]
[Result "1-0"]
[WhiteElo "2302"]
[BlackElo "1304"]
[PlyCount "31"]
[EventDate "2021.09.13"]
[EventType "swiss"]
[EventRounds "8"]
[EventCountry "GEO"]
[SourceTitle "CBM 204 Extra"]
[Source "ChessBase"]
[SourceDate "2021.11.30"]
[SourceVersion "1"]
[SourceVersionDate "2021.11.30"]
[SourceQuality "1"]

1. e4 c5 2. Nf3 e6 3. c4 Nc6 4. Nc3 g6 5. d4 cxd4 6. Nxd4 Bg7 7. Ndb5 Nge7 8. Nd6+ Kf8 9. Be3 Bxc3+ 10. bxc3 Kg7 11. Bh6+ Kg8 12. Qf3 f5 13. exf5 exf5 14. c5 Ne5 15. Qf4 Nd5 16. Qxe5 1-0

[Event "Tbilisi Gaprindashvili Cup (Women)"]
[Site "Tbilisi"]
[Date "2021.09.15"]
[Round "6"]
[White "Sichinava, Mariam"]
[Black "Tsotsonava, Elene"]
[Result "0-1"]
[WhiteElo "1304"]
[BlackElo "1887"]
[PlyCount "54"]
[EventDate "2021.09.13"]
[EventType "swiss"]
[EventRounds "8"]
[EventCountry "GEO"]
[SourceTitle "CBM 204 Extra"]
[Source "ChessBase"]
[SourceDate "2021.11.30"]
[SourceVersion "1"]
[SourceVersionDate "2021.11.30"]
[SourceQuality "1"]

1. Nf3 Nf6 2. g3 d5 3. Bg2 Bg4 4. c4 c6 5. Ne5 Bf5 6. cxd5 cxd5 7. Qa4+ Nbd7 8. Nc3 e6 9. g4 Bg6 10. h4 h6 11. Nxg6 fxg6 12. g5 hxg5 13. hxg5 Rxh1+ 14. Bxh1 Qc7 15. Qh4 Nh5 16. d3 0-0-0 17. Bd2 Kb8 18. Nb5 Qc5 19. a4 a6 20. Rc1 Qb6 21. Nc3 Bd6 22. a5 Qxb2 23. Rb1 Qa3 24. Qd4 Be5 25. Qg4 Bxc3 26. Qxe6 Bxd2+ 27. Kxd2 Qa2+ 0-1

[Event "Tbilisi Gaprindashvili Cup (Women)"]
[Site "Tbilisi"]
[Date "2021.09.13"]
[Round "2"]
[White "Sichinava, Mariam"]
[Black "Khotenashvili, Bela"]
[Result "0-1"]
[WhiteElo "1304"]
[BlackElo "2478"]
[PlyCount "102"]
[EventDate "2021.09.13"]
[EventType "swiss"]
[EventRounds "8"]
[EventCountry "GEO"]
[SourceTitle "CBM 204 Extra"]
[Source "ChessBase"]
[SourceDate "2021.11.30"]
[SourceVersion "1"]
[SourceVersionDate "2021.11.30"]
[SourceQuality "1"]

1. Nf3 g6 2. g3 Bg7 3. d4 c5 4. c4 Qa5+ 5. Bd2 Qc7 6. Nc3 cxd4 7. Nb5 Qb6 8. a4 Nc6 9. c5 Qd8 10. Bf4 e5 11. Nd6+ Kf8 12. Qb3 Qe7 13. Bd2 b6 14. Ng5 f6 15. Ngf7 bxc5 16. Nxh8 Bxh8 17. Nxc8 Rxc8 18. Bg2 e4 19. 0-0 f5 20. Bf4 d6 21. Qd5 Be5 22. Bxe5 Qxe5 23. Qc4 Nf6 24. a5 Rb8 25. b3 Rb4 26. Qa6 Qe8 27. f3 Kg7 28. fxe4 Nxe4 29. Qd3 Ne5 30. Qa6 Nc6 31. Qd3 Qe6 32. Qa6 Qd7 33. Qd3 Ne5 34. Qc2 Nf6 35. h3 Qe6 36. Rab1 Nd5 37. Bxd5 Qxd5 38. Qd2 Rxb3 39. Rxb3 Qxb3 40. Qg5 Nf7 41. Qf4 Qa2 42. Rf2 Qxa5 43. g4 Qa1+ 44. Kg2 Qb1 45. gxf5 Qxf5 46. Qh4 Qe6 47. Qf4 a5 48. Qd2 a4 49. Rf3 Qe4 50. Kf2 Ne5 51. Ra3 Nc4 0-1

[Event "Tbilisi Chiburdanidze Cup (Women)"]
[Site "Tbilisi"]
[Date "2021.09.11"]
[Round "8"]
[White "Sichinava, Mariam"]
[Black "Melia, Salome"]
[Result "0-1"]
[WhiteElo "1607"]
[BlackElo "2371"]
[PlyCount "60"]
[EventDate "2021.09.08"]
[EventType "swiss (rapid)"]
[EventRounds "8"]
[EventCountry "GEO"]
[SourceTitle "CBM 204 Extra"]
[Source "ChessBase"]
[SourceDate "2021.11.30"]
[SourceVersion "1"]
[SourceVersionDate "2021.11.30"]
[SourceQuality "1"]

1. Nf3 d5 2. g3 c5 3. Bg2 Nf6 4. c4 d4 5. 0-0 Nc6 6. e3 e6 7. exd4 cxd4 8. d3 Bd6 9. Na3 0-0 10. Nc2 e5 11. Rb1 a5 12. b3 Nd7 13. a3 Nc5 14. b4 axb4 15. axb4 Na4 16. Bd2 Bf5 17. b5 Ne7 18. Nb4 Nc3 19. Bxc3 dxc3 20. Nd5 Nxd5 21. cxd5 Ra2 22. Qb3 Qa5 23. Rbc1 Rc8 24. d4 Ra3 25. Qd1 c2 26. Qe1 Qxe1 27. Rfxe1 Rxf3 28. Bxf3 exd4 29. g4 Bg6 30. Bd1 d3 0-1

[Event "Tbilisi Chiburdanidze Cup (Women)"]
[Site "Tbilisi"]
[Date "2021.09.09"]
[Round "3"]
[White "Sichinava, Mariam"]
[Black "Lomaia, Diana"]
[Result "0-1"]
[WhiteElo "1607"]
[BlackElo "2111"]
[PlyCount "70"]
[EventDate "2021.09.08"]
[EventType "swiss (rapid)"]
[EventRounds "8"]
[EventCountry "GEO"]
[SourceTitle "CBM 204 Extra"]
[Source "ChessBase"]
[SourceDate "2021.11.30"]
[SourceVersion "1"]
[SourceVersionDate "2021.11.30"]
[SourceQuality "1"]

1. Nf3 Nf6 2. d4 d5 3. c4 dxc4 4. e3 e6 5. Bxc4 c5 6. 0-0 a6 7. b3 cxd4 8. Nxd4 Bd6 9. Bb2 0-0 10. a4 e5 11. Nf3 Nc6 12. Nc3 Bg4 13. h3 Bh5 14. Be2 Qe7 15. Nd2 Bg6 16. Nc4 Bb4 17. Nb6 Rad8 18. Qc1 Na5 19. Bc4 Qc5 20. Ncd5 Nxd5 21. Nxd5 Rxd5 22. Bxd5 Qxd5 23. Rd1 Qe6 24. Ba3 Nxb3 25. Qb2 Bxa3 26. Rxa3 Nc5 27. Qb4 Ne4 28. Qxb7 Qf6 29. Qb2 Bh5 30. Rd5 Qg6 31. Kf1 h6 32. Qxe5 Qc6 33. Ra1 Qc2 34. Qf5 Bg6 35. Qf3 Qc4+ 0-1

[Event "GEO-ch (Women) 1st League 78th"]
[Site "Tbilisi"]
[Date "2021.03.25"]
[Round "8"]
[White "Mgeladze, Kesaria"]
[Black "Sichinava, Mariam"]
[Result "0-1"]
[WhiteElo "1380"]
[BlackElo "1516"]
[PlyCount "84"]
[EventDate "2021.03.18"]
[EventType "swiss"]
[EventRounds "9"]
[EventCountry "GEO"]
[SourceTitle "CBM 201 Extra"]
[Source "ChessBase"]
[SourceDate "2021.05.31"]
[SourceVersion "1"]
[SourceVersionDate "2021.05.31"]
[SourceQuality "1"]

1. e4 c5 2. Nf3 e6 3. c3 Nf6 4. e5 Nd5 5. d4 cxd4 6. cxd4 d6 7. Bc4 Nb6 8. Bd3 Nc6 9. a3 Be7 10. 0-0 0-0 11. Qe2 Nd5 12. Bd2 b6 13. Qe4 g6 14. Nc3 dxe5 15. dxe5 Bb7 16. Qe2 Nxc3 17. Bxc3 Qc7 18. Rac1 Rfd8 19. Rfd1 Rac8 20. Bb4 Bxb4 21. axb4 Qe7 22. b5 Nb4 23. Bb1 Nd5 24. Be4 Qb4 25. Rxc8 Rxc8 26. Ng5 Kg7 27. Qf3 Qe7 28. Nh3 Rc5 29. Nf4 Rxb5 30. Bxd5 Bxd5 31. Qc3 Qb4 32. Qg3 Qb3 33. Qg4 Rb4 34. Nh5+ Kf8 35. Qe2 gxh5 36. Qxh5 Qc2 37. Qh6+ Ke8 38. Rc1 Qg6 39. Rc8+ Kd7 40. Rd8+ Kc7 41. Rc8+ Kxc8 42. Qf8+ Kb7 0-1

[Event "GEO-ch (Women) 1st League 78th"]
[Site "Tbilisi"]
[Date "2021.03.23"]
[Round "6"]
[White "Esadze, Tamari"]
[Black "Sichinava, Mariam"]
[Result "0-1"]
[WhiteElo "1889"]
[BlackElo "1516"]
[PlyCount "82"]
[EventDate "2021.03.18"]
[EventType "swiss"]
[EventRounds "9"]
[EventCountry "GEO"]
[SourceTitle "CBM 201 Extra"]
[Source "ChessBase"]
[SourceDate "2021.05.31"]
[SourceVersion "1"]
[SourceVersionDate "2021.05.31"]
[SourceQuality "1"]

1. e4 c5 2. Nf3 e6 3. d4 cxd4 4. Nxd4 a6 5. c4 Nf6 6. Nc3 Qc7 7. a3 b6 8. Be3 Bb7 9. Bd3 Bd6 10. h3 Nc6 11. 0-0 0-0 12. Rc1 Nxd4 13. Bxd4 Bc5 14. Bxc5 bxc5 15. Qe2 d6 16. f4 Nd7 17. Rcd1 Rad8 18. Bb1 Kh8 19. Qc2 f5 20. exf5 exf5 21. Rfe1 Nb8 22. Nd5 Bxd5 23. cxd5 Qf7 24. Re6 Nc6 25. Qc4 Nd4 26. Ree1 Qg6 27. Kh2 Qh6 28. Qc1 Rfe8 29. Qd2 Qh4 30. Ba2 Re4 31. Rxe4 fxe4 32. Bb1 Re8 33. Rf1 e3 34. Qe1 Qh6 35. Bd3 e2 36. Rf2 Qh5 37. f5 Re3 38. f6 gxf6 39. Bb1 Qe5+ 40. Kg1 Qg3 41. Be4 Rxe4 0-1

[Event "Gaprindashvili Cup (Women)"]
[Site "Tornelo INT"]
[Date "2020.11.10"]
[Round "8"]
[White "Sichinava, Mariam"]
[Black "Khazhomia, Anuki"]
[Result "0-1"]
[WhiteElo "1516"]
[BlackElo "1880"]
[PlyCount "66"]
[EventDate "2020.11.08"]
[EventType "swiss (rapid)"]
[EventRounds "9"]
[EventCountry "GEO"]
[SourceTitle "CBM 199 Extra"]
[Source "ChessBase"]
[SourceDate "2021.01.31"]
[SourceVersion "1"]
[SourceVersionDate "2021.01.31"]
[SourceQuality "1"]

1. Nf3 f5 2. g3 Nf6 3. Bg2 g6 4. d4 Bg7 5. 0-0 0-0 6. c4 d6 7. Nc3 c6 8. Bf4 h6 9. h4 Nh5 10. Bd2 e5 11. dxe5 dxe5 12. Qc1 f4 13. gxf4 exf4 14. Rd1 Qe7 15. Qc2 Bf5 16. Qb3 Na6 17. a4 g5 18. hxg5 hxg5 19. Qa3 Qf6 20. e4 Be6 21. Qb3 g4 22. e5 Qe7 23. Ne1 f3 24. Bf1 g3 25. Ne4 Qh4 26. fxg3 Qxe4 27. Kf2 Bxe5 28. Bf4 Nxf4 29. gxf4 Qxf4 30. Nxf3 Qg3+ 31. Ke2 Rxf3 32. Qxf3 Bxc4+ 33. Ke3 Bf4+ 0-1